=LDR 00000nam 2200000 4500 =001 INLIS000000000034137 =005 20130612140043 =008 ***********************************Ind** =035 ##$$0010-061300000034137 =041 ##$$a Ind =082 ##$$a 813 =090 ##$$a 813, Shi d =100 ##$$a El Shirazy, Habiburrahman =245 ##$$a Diatas Sajadah Cinta, Habiburrahman El Shirazy =260 ##$$a 2008 $b Jakarta =300 ##$$a 265 hlm, 22 cm =650 ##$$a Fiksi Indonesia =850 ##$$a NBPNMAT